| 000 | 01025nam a2200277 i 4500 | ||
|---|---|---|---|
| 001 | bg | ||
| 245 | 0 | 0 |
_aEncyklopedia wiedzy o nieruchomościach / _cpod red. Wacława Baranowskiego [et al.] ; aut. haseł Wacław Baranowski [et al.]. |
| 260 |
_aWarszawa ; _aKraków : _bEuropejski Instytut Nieruchomości [etc.], _c2008. |
||
| 300 |
_a423 s. ; _c24 cm. |
||
| 490 | 1 |
_aBiblioteka EIN = _aEPI Library |
|
| 504 | _aBibliogr. s. 401-403, wykaz aktów prawnych s. 393-400. | ||
| 650 | 9 |
_aNieruchomości _xprawo _zPolska _ystan na 2007 r. |
|
| 655 | _aEncyklopedie | ||
| 700 | 1 |
_aBaranowski, Wacław. _eRed. |
|
| 830 | 0 | _aBiblioteka EIN | |
| 015 | _aPB 12560/2008 | ||
| 020 | _a9788392495918 | ||
| 040 | _cBPK | ||
| 041 | _apol | ||
| 044 | _aPOL | ||
| 080 | _a332.6/.7:347.235](438)(03) | ||
| 920 | _a978-83-924959-1-8 (EIN) | ||
| 942 | _cKS | ||
| 008 | 090408s2008 pl e |000 0 pol | ||
| 999 |
_c56226 _d56226 |
||
| 856 |
_uhttp://koha.tu.koszalin.pl/cgi-bin/koha/opac-detail.pl?biblionumber=56226 _yKatalog online BPK |
||